00466nam a2200181Ia 4500003000400000005001700004008004100021020001800062040000700080041001200087082001700099100001900116245002600135260004300161300001900204650003800223700002300261OSt20260131162157.0210423s2000 xx 000 0 und d a81-224-0617-3 cAL aEnglish a620.1 bBHAE aBhavikatti S S aEngineering mechanics aNew DelhibNew Age Internationalc2000 axiii,537p.bPB aEngineering Mechanics & Materials aRajashekarappa K G